000 00409nam a2200157 a 4500
005 20140412111239.0
008 010323s19uu xx 00 eng d
020 _a0-7105-0586-8
050 _aER
_bPu95 1991
245 _aPuss in Boots.
260 _aBridlington, England :
_bPeter Haddock,
_c1991.
300 _a1 v. (unp.) ; ill.
650 _aChildren stories
650 _aFolk Tales
999 _c102617
_d102617